[Event "GER-ch U10 Girls"]
[Site "Willingen"]
[Date "2019.06.10"]
[Round "3"]
[White "Helber, Anna"]
[Black "Richter, Johanna"]
[Result "0-1"]
[WhiteElo "896"]
[BlackElo "936"]
[PlyCount "68"]
[EventDate "2019.06.08"]
[EventType "swiss"]
[EventRounds "11"]
[EventCountry "GER"]
[SourceTitle "EXT 2020"]
[Source "ChessBase"]
[SourceDate "2019.10.17"]
[SourceVersion "1"]
[SourceVersionDate "2019.10.17"]
[SourceQuality "1"]

1. e4 d6 2. d4 Nf6 3. Nc3 g6 4. Nf3 Bg7 5. h3 0-0 6. Bc4 Nc6 7. Be3 e5 8. d5 Ne7 9. 0-0 Bd7 10. Bg5 c6 11. Qd2 Rc8 12. b3 b5 13. Bd3 Qa5 14. a3 cxd5 15. b4 Qa6 16. exd5 Nexd5 17. Nxd5 Nxd5 18. Be4 Nc7 19. Ne1 Bc6 20. Bf3 e4 21. Bg4 Bxa1 22. Bxc8 Rxc8 23. c3 Qxa3 24. Nc2 Qxc3 25. Qxc3 Bxc3 26. Rd1 Be5 27. Bh6 Ra8 28. Ne3 a5 29. Ng4 a4 30. Nxe5 dxe5 31. Rd6 Be8 32. Rb6 Nd5 33. Rd6 Nxb4 34. Rb6 a3 0-1

[Event "Mecklenburg VP-ch U10 Girls"]
[Site "Malchow"]
[Date "2019.02.02"]
[Round "1.2"]
[White "Nguyen, Miriam Mai"]
[Black "Helber, Anna"]
[Result "0-1"]
[WhiteElo "772"]
[BlackElo "730"]
[PlyCount "112"]
[EventDate "2019.02.02"]
[EventType "tourn"]
[EventRounds "7"]
[EventCountry "GER"]
[SourceTitle "EXT 2022"]
[Source "ChessBase"]
[SourceDate "2021.10.06"]
[SourceVersion "1"]
[SourceVersionDate "2021.10.06"]
[SourceQuality "1"]

1. e4 e5 2. Nf3 Nc6 3. Bc4 Nf6 4. Nc3 Bc5 5. 0-0 0-0 6. d3 d6 7. Be3 Bxe3 8. fxe3 Bg4 9. Qe2 Na5 10. Bb3 Nxb3 11. axb3 d5 12. Rad1 d4 13. Nb5 c6 14. Na3 Qb6 15. Nc4 Qc5 16. h3 Be6 17. Ncxe5 Rad8 18. exd4 Qxd4+ 19. Kh1 b5 20. Nxc6 Qd7 21. Nxd8 Qxd8 22. Ne5 Qd6 23. d4 a6 24. c4 Qb4 25. Qd3 bxc4 26. bxc4 Bd7 27. Qg3 Nxe4 28. Qg4 Bxg4 29. Nxg4 Ng3+ 30. Kg1 Qxb2 31. Rf3 Ne4 32. Re1 Qxd4+ 33. Nf2 Nd2 34. Rfe3 Qxc4 35. Re8 Qb5 36. Rxf8+ Kxf8 37. Ng4 Qc5+ 38. Kh2 Qd6+ 39. Kg1 Qg3 40. Ne3 Qxe1+ 41. Kh2 Qxe3 42. g4 Nf3+ 43. Kg3 Ng5+ 44. Kh4 Nxh3 45. g5 Nxg5 46. Kg4 a5 47. Kh4 a4 48. Kg4 Qd2 49. Kh4 a3 50. Kg4 a2 51. Kh4 a1R 52. Kg4 Rg1+ 53. Kf5 Qe2 54. Kf4 Rf1+ 55. Kxg5 Qg2+ 56. Kh4 Rh1# 0-1